Responses for Show #3806 - Monday, March 5, 2001

Contestants

[<< previous game]

Michael Souveroff, an aspiring screenwriter from New York City, New York

Lynne Langhammer Conover, a stay-at-home mom from Windsor, Connecticut

Stephen Mitchell, a marketing manager from Los Angeles, California (whose 3-day cash winnings total $36,400)

[next game >>]

Jeopardy! Round responses

ATOMIC WEIGHTS
FAMILIAR PHRASES
WHEN BENJY WAS PREZ
WE'RE NO. 2!
AMERICA-PODGE
CURT
    $100 27
4

Michael
    $100 6
(Lynne: What is a fuzzy blanket?)

security blanket

StephenLynne
    $100 1
Grover Cleveland

Lynne
    $100 7
John Denver

Lynne
    $100 16
Nome

Lynne
    $100 21
Curt Flood

Michael
    $200 28
(Michael: What is 14?)

24

LynneMichael
    $200 12
(Lynne: What is "Abracadabra"?)

"Open, Sesame!"

LynneMichael
    $200 2
Thomas Edison

Stephen
    $200 8
Barry White

Stephen
    $200 17
(Stephen: What is Mount Whitney?)

Pikes Peak

StephenLynne
    $200 23
(Stephen: Um... um... Jamie Lee Curtis?)
...
(Alex: We have a minute to go.)

Curt Jurgens

Stephen
Triple Stumper
    $300 29
64

Michael
    $300 13
soap operas

Lynne
    $300 3
University of Chicago

Stephen
    $300 9
Robert Palmer

Michael
    $300 18
Oklahoma

Lynne
    $300 24
Curt Schilling

Michael
    $400 26
55

Michael
    $400 14
"Live Long and Prosper"

Michael
    $400 4
federal penitentiary/prison

Lynne
    $400 10
Mariah Carey

Triple Stumper
    $400 19
(Michael: What is USC?)

UCLA

Michael
Triple Stumper
    $400 25
(Michael: Who is Curt Dowdy?)
(Stephen: Who is Curt Audi?)

Curt Gowdy

StephenMichael
Triple Stumper
    $500 30
39

Lynne
    $900 15
(Michael: What is to uncover every stone?)

to leave no stone unturned

Michael
    $500 5
Java (Java Man)

Triple Stumper
    $500 11
Tag Team

Triple Stumper
    $500 20
Frederic Remington

Stephen
    $500 22
Ed McBain/Evan Hunter

Triple Stumper

Scores at the first commercial break (after clue 14):

Stephen Lynne Michael
$800 $600 $900

Scores at the end of the Jeopardy! Round:

Stephen Lynne Michael
$500 $1,900 $200

Double Jeopardy! Round responses

CAPITAL RIVERS
(Alex: You have to name the river on which each capital we give you lies.)
MOVIE ROLES
JUST ADD "ONE"
CLASSIC CRIME NOVELS
MADAME
CURRY
    $200 1
Queen Elizabeth I

Stephen
    $200 6
ozone (Oz)

Lynne
    $200 11
Ripley

Stephen
    $200 16
Coco Chanel

Michael
    $200 21
coconut

Lynne
    $400 2
X-Men

Stephen
    $400 7
begone (beg)

Lynne
    $400 12
Little Caesar

Triple Stumper
    $400 17
Simone de Beauvoir

Stephen
    $400 22
(Alex: With a minute to go.)

India

Lynne
    $1,000 28
[end-of-round signal sounds]

Danube

Lynne
    $600 3
(Stephen: Who is Tim....um(time)?)

Tim Robbins

StephenMichael
    $600 8
looney (Loy)

Stephen
    $600 13
(Stephen: What is "Strangers on a Train?")

The Lady Vanishes

Stephen
    $600 18
(Michael: Who is...(time)?)

Catherine Deneuve

Michael
Triple Stumper
    $600 23
saffron

Lynne
    $800 27
(Stephen: What is the Shannon?)

Liffey

Stephen
Triple Stumper
    $800 4
Emma Thompson

Stephen
    $800 9
everyone (every)

Triple Stumper
    $800 14
Georges Simenon

Stephen
    $800 19
Edith Piaf

Stephen
    $800 24
chutney

Lynne
    $1000 26
(Michael: What is Poland?)

Vistula

LynneMichael
    $1000 5
Ed Wood

Michael
    $1000 10
baronet (Bart)

Stephen
    $1000 15
Get Carter

Triple Stumper
    $1000 20
(Stephen: Who is Mary Cassatt?)

Berthe Morisot

Stephen
Triple Stumper
    $1000 25
madras

Triple Stumper

Scores at the end of the Double Jeopardy! Round:

Stephen Lynne Michael
$2,700 $6,500 $400
(lock game)

[wagering suggestions for these scores]

Final Jeopardy! Round responses

WORLD DRAMA
MichaelWhat is The School for Scandal?
$398
StephenWhat is Oedipus Rex?
$1,000
LynneWhat was A Doll's House
$500
A Doll's House (by Ibsen)

Final scores:

Stephen Lynne Michael
$1,700 $7,000 $2
2nd place: Trip to Stockholm courtesy of Priceline.com New champion: $7,000 3rd place: Panasonic Portable DVD Player

Game dynamics:

Coryat scores:

Stephen Lynne Michael
$3,300 $6,100 $1,300
14 R,
7 W
(including 1 DD)
17 R
(including 1 DD),
2 W
11 R,
6 W
(including 1 DD)

Combined Coryat: $10,700

[game clues] [game scores] [suggest correction]

Game tape date: 2000-11-29
The J! Archive is created by fans, for fans. Scraping, republication, monetization, and malicious use prohibited; this site may use cookies and collect identifying information. See terms. The Jeopardy! game show and all elements thereof, including but not limited to copyright and trademark thereto, are the property of Jeopardy Productions, Inc. and are protected under law. This website is not affiliated with, sponsored by, or operated by Jeopardy Productions, Inc. Join the discussion at JBoard.tv.